00770cam a22002413a 45000010005000000030006000050050017000110080041000280400015000690420007000840500007000911000023000982450117001212600029002385060030002675160020002976530037003176530038003546530042003926530025004348300028004598560041004872564PGUSA20140828083016.0010301s2001||||xxu|||||s|||||000 | eng d aPGUSAbeng adc 4aDU1 aWalker, H. Wilfrid10aWanderings among South Sea Savages and in Borneo and the Philippinesh[electronic resource] /cH. Wilfrid Walker bProject Gutenberg,c2001 aPublic domain in the USA. aElectronic text aBorneo -- Description and travel aOceania -- Description and travel aPhilippines -- Description and travel aEthnology -- Oceania 0aProject Gutenbergv256440uhttp://www.gutenberg.org/ebooks/2564